| 000 | 01022nam a2200337 a 4500 | ||
|---|---|---|---|
| 003 | AR-BaBNM | ||
| 005 | 20251128210240.0 | ||
| 008 | 082120s2002 ||||||||||||||000 | spa|| | ||
| 020 | _a0-7879-1096-1 | ||
| 040 | _cAR-BaBNM | ||
| 100 | 1 | _aBodine, Richard J. | |
| 245 | 0 | 0 |
_aThe handbook of conflict resolution education _ba guide to building quality programs in schools |
| 250 | _a1ª ed. | ||
| 260 |
_aSan Francisco _bJossey-Bass _c[ca. 1997] |
||
| 300 |
_axxxii, 218 p. _btablas |
||
| 490 | 0 | _aThe Jossey-Bass education | |
| 500 | _aContiene índice de gráficos y tablas p. xi-xii | ||
| 500 | _aContiene índice alfabético p. 213-218 | ||
| 650 | 4 | _aPROGRAMAS DE EDUCACION | |
| 650 | 4 | _aPAPEL DE LA ESCUELA | |
| 650 | 4 | _aVIOLENCIA | |
| 650 | 4 | _aPROBLEMAS SOCIALES | |
| 650 | 4 | _aCONFLICTO | |
| 650 | 4 | _aSOLUCION DE CONFLICTOS | |
| 651 | 4 | _aEstados Unidos | |
| 653 | _aFORMACION DEL CIUDADANO | ||
| 653 | _aMEDIACION ESCOLAR | ||
| 700 | 1 | _aCrawford, Donna K. | |
| 942 | _cBK | ||
| 998 | _cRaquel | ||
| 999 |
_c14648 _d14648 |
||